| 000 | 01494nam a22002297a 4500 | ||
|---|---|---|---|
| 999 |
_c63065 _d63065 |
||
| 003 | Ge_BSU | ||
| 005 | 20250528155809.0 | ||
| 008 | 250528s2023 ge ||||| |||| 00| 0 geo d | ||
| 020 | _a9789941983177 | ||
| 041 | _ageo | ||
| 080 | _a244.82 ს-91 | ||
| 100 |
_aსუძუკი, დაისეც ტეიტარო _925156 |
||
| 245 |
_aძენ-ბუდიზმის შესავალი / _cდაისეც ტეიტარო სუძუკი; ინგლისურიდან თარგმნა დათო აკრიანმა; რედაქტორი ნათია გოგიჩაიშვილი; წინასიტყვაობა კარლ გუსტავ იუნგი; გარეკანის დიზაინი "გულღია". |
||
| 264 |
_aთბილისი : _bსიესტა, _c2023. |
||
| 300 |
_a202 გვ. ; _b19 სმ. |
||
| 653 | _aაღმოსავლური სიბრძნე ძენ-ბუდიზმი. | ||
| 700 |
_aაკრიანი, დათო _eმთარგმნელი _919781 |
||
| 700 |
_aგოგიჩაიშვილი, ნათია _eრედაქტორი _925157 |
||
| 700 |
_aიუნგი, კარლ გუსტავ _eწინასიტყვაობის ავტორი _912135 |
||
| 700 |
_aკიღურაძე, ქეთევან _eგამომცემელი _925158 |
||
| 942 |
_2udc _cᲬᲘᲒᲜᲘ |
||